神戸市の駅 - Statistics

General Stats
  • This quiz has been taken 121 times
  • The average score is 65 of 117
Answers on the Map
Answers color-coded by a green-red scale on the quiz's map according to % correct below.
 
Answer Stats
Group 駅名 % Correct
中央区 さんみや
100%
中央区 三宮さんのみや
99%
中央区 神戸こうべ
98%
須磨区 須磨すま
96%
灘区 なだ
93%
灘区 六甲ろっこう
91%
長田区 新長田しんながた
90%
垂水区 垂水たるみ
90%
中央区 新神戸しんこうべ
90%
灘区 六甲道ろっこうみち
88%
兵庫区 兵庫ひょうご
88%
中央区 神戸空港こうべくうこう
88%
中央区 元町もとまち
88%
中央区 神戸三宮こうべさんのみや
83%
長田区 長田ながた
81%
西区 西神中央せいしんちゅうおう
80%
中央区 高速神戸こうそくこうべ
79%
東灘区 住吉すみよし
78%
灘区 摩耶まや
78%
垂水区 舞子まいこ
78%
中央区 三宮さんのみや花時計前はなどけいまえ
78%
東灘区 魚崎うおざき
77%
兵庫区 新開地しんかいち
77%
北区 谷上たにがみ
77%
中央区 春日野道かすがのみち
77%
東灘区 岡本おかもと
75%
東灘区 御影みかげ
75%
北区 有馬温泉ありまおんせん
75%
兵庫区 和田岬わだみさき
74%
須磨区 須磨海浜公園すまかいひんこうえん
74%
垂水区 山陽垂水さんようたるみ
70%
東灘区 摂津本山せっつもとやま
69%
北区 鈴蘭台すずらんだい
69%
灘区 王子公園おうじこうえん
68%
須磨区 名谷みょうだに
67%
中央区 花隈はなくま
67%
北区 有馬口ありまぐち
64%
東灘区 甲南山手こうなんやまて
63%
兵庫区 湊川みなとがわ
63%
須磨区 板宿いたやど
63%
中央区 西元町にしもとまち
63%
長田区 高速長田こうそくながた
62%
長田区 西代にしだい
62%
須磨区 山陽須磨さんようすま
62%
須磨区 須磨浦公園すまうらこうえん
62%
須磨区 鷹取たかとり
62%
垂水区 塩屋しおや
58%
垂水区 舞子公園まいここうえん
58%
中央区 ハーバーランド
57%
灘区 西灘にしなだ
57%
中央区 北埠頭きたふとう
57%
兵庫区 鵯越ひよどりごえ
56%
須磨区 総合運動公園そうごううんどうこうえん
56%
中央区 県庁前けんちょうまえ
56%
西区 学園都市がくえんとし
56%
北区 西鈴蘭台にしすずらんだい
54%
中央区 中埠頭なかふとう
54%
西区 西神南せいしんみなみ
54%
東灘区 石屋川いしやがわ
53%
東灘区 青木おおぎ
53%
灘区 新在家しんざいけ
52%
兵庫区 湊川公園みなとがわこうえん
52%
灘区 岩屋いわや
51%
灘区 大石おおいし
51%
北区 北鈴蘭台きたすずらんだい
51%
東灘区 南魚崎みなみうおざき
49%
兵庫区 大開だいかい
49%
須磨区 東須磨ひがしすま
49%
北区 鈴蘭台西口すずらんだいにしぐち
49%
須磨区 月見山つきみやま
48%
須磨区 妙法寺みょうほうじ
48%
中央区 旧居留地きゅうきょりゅうち大丸前だいまるまえ
48%
北区 道場どうじょう
47%
西区 伊川谷いかわだに
47%
東灘区 深江ふかえ
46%
中央区 大倉山おおくらやま
44%
須磨区 須磨寺すまでら
43%
垂水区 山陽塩屋さんようしおや
43%
北区 神鉄六甲しんてつろっこう
43%
兵庫区 御崎公園みさきこうえん
42%
中央区 貿易ぼうえきセンター
42%
北区 岡場おかば
41%
垂水区 たき茶屋ちゃや
41%
垂水区 西舞子にしまいこ
40%
中央区 計算科学けいさんかがくセンター
40%
垂水区 東垂水ひがしたるみ
38%
中央区 中公園なかこうえん
38%
中央区 みなと元町もとまち
38%
東灘区 アイランドセンター
37%
東灘区 マリンパーク
37%
東灘区 アイランド北口きたぐち
37%
中央区 市民広場しみんひろば
37%
北区 やままち
37%
兵庫区 上沢かみさわ
36%
北区 神鉄道場しんてつどうじょう
36%
兵庫区 中央市場前ちゅうおういちばまえ
35%
長田区 苅藻かるも
35%
長田区 丸山まるやま
35%
北区 箕谷みのたに
35%
中央区 南公園みなみこうえん
35%
長田区 駒ヶ林こまがばやし
33%
垂水区 霞ヶ丘かすみがおか
33%
北区 花山はなやま
33%
中央区 ポートターミナル
32%
北区 大池おおいけ
32%
北区 唐櫃台からとだい
32%
北区 二郎にろう
32%
北区 田尾寺たおじ
31%
北区 道場南口どうじょうみなみぐち
31%
北区 五社ごしゃ
28%
中央区 みなとじま
27%
北区 藍那あいな
27%
中央区 医療いりょうセンター
27%
西区 押部谷おしべだに
27%
西区 さかえ
23%
西区 木津きづ
22%
西区 木幡こばた
21%
No matching quizzes found
Score Distribution
Percent of People with Each Score
Percentile by Number Answered
Your Score History
You have not taken this quiz